South Eastern Kenya University

Library Online Public Access Catalogue


Discrete structures, logic, and computability / (Record no. 11680)

MARC details
000 -LEADER
fixed length control field 00580cam a2200157 a 4500
020 ## - INTERNATIONAL STANDARD BOOK NUMBER
Canceled/invalid ISBN 0763718432
050 14 - LIBRARY OF CONGRESS CALL NUMBER
Classification number QA76.9.M35
Item number H44 2002b
100 1# - MAIN ENTRY--PERSONAL NAME
Personal name Hein, James L.
245 10 - TITLE STATEMENT
Title Discrete structures, logic, and computability, second edition
Medium [electronic resource] /
Statement of responsibility, etc. James L. Hein.
250 ## - EDITION STATEMENT
Edition statement 2nd ed.
260 ## - PUBLICATION, DISTRIBUTION, ETC. (IMPRINT)
Place of publication, distribution, etc. Sudbury, Mass. :
Name of publisher, distributor, etc. Jones and Bartlett Publishers,
Date of publication, distribution, etc. c2002
Place of manufacture (Norwood, Mass. :
Manufacturer Books24x7.com [generator])
500 ## - GENERAL NOTE
General note Title from title screen.
650 #0 - SUBJECT ADDED ENTRY--TOPICAL TERM
General subdivision Mathematics.
856 40 - ELECTRONIC LOCATION AND ACCESS
Uniform Resource Identifier <a href="http://www.columbia.edu/cgi-bin/cul/resolve?clio3362841">http://www.columbia.edu/cgi-bin/cul/resolve?clio3362841</a>
942 ## - ADDED ENTRY ELEMENTS (KOHA)
Source of classification or shelving scheme Library of Congress Classification
Koha item type General circulation
Holdings
Withdrawn status Lost status Source of classification or shelving scheme Damaged status Not for loan Home library Current library Shelving location Date acquired Source of acquisition Total Checkouts Full call number Barcode Date last seen Price effective from Koha item type Public note
    Library of Congress Classification     Kitui Town Campus Library Kitui Town Campus Library General Stacks 01/03/2016 Purchase   QA 76.9.H38 2016/013193 01/03/2016 01/03/2016 General circulation dm
Kitui, Kenya.
+254736116989
library@seku.ac.ke